इतिशेष / (Record no. 40184)

MARC details
000 -LEADER
fixed length control field 01050nam a22002417a 4500
005 - DATE AND TIME OF LATEST TRANSACTION
control field 20100807161032.0
010 ## - LCCN (DPL NO)
LC control number HIN-90068
020 ## - INTERNATIONAL STANDARD BOOK NUMBER
Terms of availability 250.00
International Standard Book Number 9788190864749
035 ## - SYSTEM CONTROL NUMBER
System control number HN-62414
037 ## - SOURCE OF ACQUISITION
Source of stock number/acquisition DBAD / PUB
082 ## - DEWEY DECIMAL CLASSIFICATION NUMBER
Classification number 921
100 ## - MAIN ENTRY--PERSONAL NAME
Personal name नंपुतिरी, नीलकंठन
245 ## - TITLE STATEMENT
Title इतिशेष /
Statement of responsibility, etc नीलकंठन नंपुतिरी
246 ## - VARYING FORM OF TITLE
Title proper/short title Itishesh
Remainder of title by Nilkanthan Namputari
260 ## - PUBLICATION, DISTRIBUTION, ETC. (IMPRINT)
Place of publication, distribution, etc दिल्ली
Name of publisher, distributor, etc साहित्य सहकार प्रकाशन
Date of publication, distribution, etc 2010
270 ## - ADDRESS
Address 29/62, गली नं.-11, विश्वास नगर, शाहदरा
City दिल्ली
Postal code 110032
300 ## - PHYSICAL DESCRIPTION
Extent 160पृ
Dimensions 22सेमी (सजिल्द)
Other physical details सचित्र
700 ## - ADDED ENTRY--PERSONAL NAME
9 (RLIN) 7228
Personal name संजय कुमार
700 ## - ADDED ENTRY--PERSONAL NAME
9 (RLIN) 7267
700 ## - ADDED ENTRY--PERSONAL NAME
9 (RLIN) 7698
942 ## - ADDED ENTRY ELEMENTS (KOHA)
Institution code [OBSOLETE] dpl
Item type Hindi Books
Call number prefix
Source of classification or shelving scheme Dewey Decimal Classification
Call number suffix नंपुति
Classification part 921
Holdings
Withdrawn status Lost status Not for loan Collection code Home library Current library Date acquired Source of acquisition Cost, normal purchase price Full call number Barcode Copy number Cost, replacement price Koha item type
    Not For Loan Non-fiction D.B.Act.Division D.B.Act.Division 07/08/2010 DBAD / PUB 250.00 921 नंपुति HN-62414 1 250.00 Hindi Books

© Delhi Public Library
Hit Counter
free hit counter